Satunnaisia urheiluseuroja - tunnista logo - Statistics

Yleistilastot
  • Tätä visaa on pelattu 56 kertaa
  • Keskiarvotulos 7 / 12
Vastaustilastot
Kuvavisa Vastaus % Oikein
FC Inter
100%
FF Jaro
100%
Hämeenlinnan Pallokerho
100%
Helsingin IFK
100%
Jokerit
100%
JYP
100%
KooKoo
100%
Oulun Kärpät
100%
Pelicans
100%
Rauman Lukko
100%
Seinäjoen Jalkapallokerho
100%
Tampereen Ilves
100%
Turun Palloseura
100%
TUTO Hockey
100%
Kiekko-Espoo
89%
Mikkelin Jukurit
89%
IF Gnistan
88%
Vaasan Sport
88%
Vimpelin Veto
88%
Imatran Ketterä
86%
Joensuun Maila
86%
Sotkamon Jymy
86%
Tappara
86%
Helsingin Jalkapalloklubi
83%
KalPa
83%
Kiekko-Vantaa
83%
SaiPa
83%
KeuPa HT
75%
Kuopion Palloseura
75%
Savonlinnan Pallokerho
75%
Ässät
67%
Forssan Palloseura
67%
Kiteen Pallo -90
67%
Vaasan Palloseura
67%
FC Haka
63%
Jyväskylän Kiri
63%
Viinijärven Urheilijat
63%
Kankaanpään Maila
60%
Seinäjoen Maila-Jussit
60%
S-Kiekko
60%
Haukat
57%
Iisalmen Peli-Karhut
57%
Åland United
50%
Janakkalan Jana
50%
Kouvolan Pallonlyöjät
50%
Lapuan Virkiä
50%
Manse PP
50%
Nokian Pyry
50%
Pallokerho-35
50%
Puijon Pesis
50%
FC KTP
44%
Imatran Pallo-Veikot
44%
Helsingin Palloseura
43%
Hyvinkään Tahko
43%
JHT
43%
Fera
40%
IFK Mariehamn
40%
Kiekko-Pojat
40%
Kotkan Titaanit
40%
AC Oulu
38%
FC Lahti
33%
Kempeleen Kiri
33%
Koskenkorvan Urheilijat
33%
Lempäälän Kisa
33%
Porin Pesäkarhut
33%
Rovaniemen Kiekko
33%
Kokkolan Hermes
30%
Kannuksen Ura
29%
Ikaalisten Tarmo
25%
Kirittäret
25%
Roihuttaret
25%
Simon Kiri
25%
Pöytyän Urheilijat
22%
Haminan Palloilijat
20%
Jyväskylän Pallokerho
20%
Liikunnan Riemu
20%
Puna-Mustat
20%
Kuusankosken Puhti
17%
Muik Hockey
17%
Siilinjärven Pesis
17%
Pattijoen Urheilijat
14%
Ylivieskan Kuula
14%
Mailattaret
13%
Jyväskylän Lohi
10%
Alajärven Ankkurit
0%
IFK Vasa
0%
Laitilan Jyske
0%
PEPO Hockey
0%
Pesä Ysit
0%
Porvoo Hunters
0%
Raahe-Kiekko
0%
Team Kuortane
0%
Ehtoja vastaavia visoja ei löytynyt
Tulosjakauma
Jokaisen tuloksen saaneiden osuus
Persentiili vastausten määrän mukaan
Tuloshistoriasi
Et ole pelannut tätä visaa